Normal view
MARC view
Entry Personal Name
001 - CONTROL NUMBER
- control field: 12813
003 - CONTROL NUMBER IDENTIFIER
- control field: HDC
005 - DATE AND TIME OF LATEST TRANSACTION
- control field: 20230624073406.0
008 - FIXED-LENGTH DATA ELEMENTS
- fixed length control field: 210209|| aca||aabn | a|a d
040 ## - CATALOGING SOURCE
- Original cataloging agency: HDC
- Transcribing agency: HDC
100 ## - HEADING--PERSONAL NAME
- Personal name: Samsudin Ahmad
670 ## - SOURCE DATA FOUND
- Source citation: Work cat.: (HDC): Samsudin Ahmad, author, Pengeringan hirisan mengkudu dengan udara panas dan dinyahlembap /, 2003
